Central Library OPAC University of Rajshahi

Readings in recent political philosophy / (Record no. 36247)

MARC details
000 -LEADER
fixed length control field 00750nam a2200265 4500
001 - CONTROL NUMBER
control field 36247
003 - CONTROL NUMBER IDENTIFIER
rucl marc code BD-RjUL
005 - DATE AND TIME OF LATEST TRANSACTION
control field 20211209052446.0
008 - FIXED-LENGTH DATA ELEMENTS--GENERAL INFORMATION
fixed length control field 140618r19601935nyu 000 0 eng d
035 ## - SYSTEM CONTROL NUMBER
System control number (BD-RjUL)36344
040 ## - CATALOGING SOURCE
Transcribing agency WSU
Modifying agency RCD
-- BD-RjUL
Original cataloging agency BD-RjUL
Language of cataloging eng
041 ## - LANGUAGE CODE
Language code of text/sound track or separate title eng
082 00 - DEWEY DECIMAL CLASSIFICATION NUMBER
Classification number 320
Author mark and year REA 1960
090 ## - LOCALLY ASSIGNED LC-TYPE CALL NUMBER (OCLC); LOCAL CALL NUMBER (OCLC)
Classification number (OCLC) (R) ; Classification number, CALL (RLIN) (NR) JA83
Local cutter number (OCLC) ; Book number/undivided call number, CALL (RLIN) .S733
099 ## - LOCAL FREE-TEXT CALL NUMBER (OCLC)
Bangla Class number JA83.S733
245 10 - TITLE STATEMENT
Title Readings in recent political philosophy /
Statement of responsibility, etc. selected abridged and adited by Margaret Spahr
260 ## - PUBLICATION, DISTRIBUTION, ETC. (IMPRINT)
Place of publication, distribution, etc. New York :
Name of publisher, distributor, etc. The Macmillan company,
Date of publication, distribution, etc. 1960.
300 ## - PHYSICAL DESCRIPTION
Pagination 776 p. ;
Size 20cm
650 #0 - SUBJECT ADDED ENTRY--TOPICAL TERM
Topical term or geographic name as entry element Political science.
9 (RLIN) 110309
700 1# - ADDED ENTRY--PERSONAL NAME
Personal name Spahr, Margaret,
942 ## - ADDED ENTRY ELEMENTS (KOHA)
Source of classification or shelving scheme Dewey Decimal Classification
Koha item type Books
949 ## - LOCAL PROCESSING INFORMATION (OCLC)
a MYGD
Holdings
Lost status Source of classification or shelving scheme Damaged status Not for loan Collection code Permanent Location Current Location Shelving location Date acquired Source of acquisition Cost, normal purchase price Total Checkouts Full call number Date last seen Copy number Koha item type
  Dewey Decimal Classification     Non-fiction Central Library, University of Rajshahi Central Library, University of Rajshahi   05/05/1964 Zitlinger 56.00   320 REA 1960 18/06/2014 C-2 Books
  Dewey Decimal Classification   Not For Loan Non-fiction Central Library, University of Rajshahi Central Library, University of Rajshahi Reading Room 05/05/1964 Zeitlinger 56.00   320 REA 1960 18/06/2014 C-1 Books